000 00730nam a22002657a 4500
003 CHAP
005 20220329135705.0
008 971013s1991 r 00010 d
010 _a40621
011 _a41593
035 _a45719
040 _cCHAP
082 _a589.2
_bS2Y
100 0 0 _aScagel, Robert F.
_9102840
245 _aPlantas no vasculares
260 _aBercelona :
_bOmega,
_c1991
300 _a548 p.
_b: ilus.
590 _aBATCH-UPD
_b10
_c20130110
_lUCH01
_h1359
590 _aCONVERSION
_b10
_c20130109
_lUCH01
_h1322
650 1 4 _aBriofitas.
_915379
650 1 4 _aHongos.
_956084
901 _aBK
942 _cLIBRO
949 _a589.2 S2Y
_bBC
_cLIBRO
_d33724002054157
_eLIBRO
_gI.174994
_h88176
_i45719
_si
_t360.00
999 _c40621
_d40621